Nomes mais populares em Portugal (2024) - Statistics

Estatísticas Gerais
  • Esse quiz foi jogado 272 vezes
  • A pontuação média é 9 de 20
Estatísticas das Respostas
Nº de registos Resposta % Correto
4295 Maria
95%
1027 João
93%
1270 Francisco
67%
839 Miguel
58%
586 Beatriz
52%
851 Gabriel
48%
942 Matilde
48%
913 Leonor
47%
709 Carolina
46%
978 Afonso
43%
1036 Tomás
43%
586 Margarida
41%
992 Alice
35%
782 Santiago
33%
1012 Duarte
32%
1036 Vicente
31%
973 Benedita
28%
1040 Lourenço
25%
598 Camila
23%
697 Aurora
14%
Nenhum quiz correspondente encontrado
Distribuição das Pontuações
Porcentagem de Pessoas com Cada Pontuação
Percentil de Números Respondidos
Sua Pontuação Histórica
Você não jogou esse quiz